000 00363nam a2200133 i 4500
001 bg
100 1 _aMALEWICZ, Walenty
245 0 _aEkonomiczny udział elektrociepłowni zawodowych w układach energetycznych /
_cW. Malewicz. Cz.1.
260 _aSzczecin,
_c1982.
040 _cBPK
041 _apol
942 _cKS
008 s pl f |000 0 pol
999 _c21723
_d21723
856 _uhttp://koha.tu.koszalin.pl/cgi-bin/koha/opac-detail.pl?biblionumber=21723
_yKatalog online BPK